Linkage elite and fifth Lok Sabha elections : A case study in the context of Raj (Record no. 16526)

MARC details
000 -LEADER
fixed length control field 00319nam a2200121Ia 4500
082 ## - DEWEY DECIMAL CLASSIFICATION NUMBER
Classification number RI.0014
100 ## - MAIN ENTRY--AUTHOR NAME
Personal name Pande, K.C.
245 #0 - TITLE STATEMENT
Title Linkage elite and fifth Lok Sabha elections : A case study in the context of Raj
260 ## - PUBLICATION, DISTRIBUTION, ETC. (IMPRINT)
Year of publication 1975
300 ## - PHYSICAL DESCRIPTION
Number of Pages 211p.
942 ## - ADDED ENTRY ELEMENTS (KOHA)
Koha item type Books
Holdings
Withdrawn status Lost status Damaged status Not for loan Home library Current library Date acquired Full call number Accession Number Price effective from Koha item type
        NASSDOC Library NASSDOC Library 08/10/2004 RI.0014 9929 18/04/2019 Books